Sur la route de Memphis - Eddy mitchell - Statistiques

Statistiques générales
  • Ce quiz a été pris 153 fois
  • Le résultat moyen est 156 sur 182
Statistiques - réponses
Réponse % Correct
la
100%
de
99%
Je
99%
je
99%
me
99%
Me
99%
Memphis
99%
route
99%
Sur
99%
le
98%
Dans
95%
dans
95%
qui
94%
voiture
93%
à
92%
À
92%
Un
92%
un
92%
regard
86%
Et
85%
et
85%
peu
85%
blanche
83%
fou
83%
robe
82%
ta
81%
en
80%
En
80%
J'écoutais
80%
radio
80%
chien-loup
79%
truc
79%
une
77%
traînait
76%
chauffeur
75%
débile
75%
du
75%
pas
75%
aux
73%
vers
73%
Vers
73%
l'heure
71%
place
71%
regardant
71%
toi,
71%
toi
71%
tu
71%
viens
71%
jetait
70%
mais
70%
disc-jockey
69%
m'endormait
69%
m'attends
67%
mort,
67%
ressemble
67%
bière
65%
costume
65%
Rolls
65%
avant
64%
dimanche
64%
manches
64%
siège
64%
Buvait
63%
les
62%
menottes
61%
mes
61%
ne
61%
L'amour
60%
poignets
60%
province
60%
que
60%
J'ai
58%
droit
57%
élimé
57%
taire
57%
flics
56%
Pour
56%
fais
55%
gagné
55%
ont
55%
passer
55%
fois
54%
gardant
54%
chez
51%
vantait
46%
d'fumer
26%
Aucun quiz correspondant
Distribution des résultats
% des personnes avec chaque résultat
Percentile par nombre de réponses
Votre historique - résultats
Vous n’avez pas pris ce quiz